<?xml version="1.0" encoding="UTF-8"?>
<collection xmlns="http://www.loc.gov/MARC21/slim">
 <record>
  <leader>04153nam a2200361 a 4500</leader>
  <controlfield tag="001">kal4546</controlfield>
  <controlfield tag="003">Gr-AtHEAL</controlfield>
  <controlfield tag="005">20160425114658.0</controlfield>
  <controlfield tag="006">m        d        </controlfield>
  <controlfield tag="008">160413s2015    gr      s           gre|c</controlfield>
  <datafield tag="020" ind1=" " ind2=" ">
   <subfield code="a">9789606034534</subfield>
  </datafield>
  <datafield tag="040" ind1=" " ind2=" ">
   <subfield code="a">GR-AtHEAL</subfield>
   <subfield code="b">gre</subfield>
   <subfield code="c">GR-AtHEAL</subfield>
  </datafield>
  <datafield tag="082" ind1="0" ind2="4">
   <subfield code="a">912</subfield>
   <subfield code="2">23</subfield>
  </datafield>
  <datafield tag="100" ind1="1" ind2=" ">
   <subfield code="a">Χαλκιάς, Χρίστος.</subfield>
   <subfield code="8">1181</subfield>
  </datafield>
  <datafield tag="245" ind1="1" ind2="0">
   <subfield code="a">Γεωγραφική ανάλυση με την αξιοποίηση της γεωπληροφορικής</subfield>
   <subfield code="h">[Ηλεκτρονικός πόρος] </subfield>
   <subfield code="b">ΕΦΑΡΜΟΣΜΕΝΑ ΣΥΣΤΗΜΑΤΑ ΓΕΩΓΡΑΦΙΚΩΝ ΠΛΗΡΟΦΟΡΙΩΝ</subfield>
   <subfield code="c">Χαλκιάς, Χρίστος ;  Γκούσια, Μαρία ; Κριτικός αναγνώστης,Παππάς, Βασίλης ; Τεχνική επιμέλεια,Χαλκιάς, Γεώργιος.</subfield>
  </datafield>
  <datafield tag="260" ind1=" " ind2=" ">
   <subfield code="a">Αθήνα :</subfield>
   <subfield code="b">Σύνδεσμος Ελληνικών Ακαδημαϊκών Βιβλιοθηκών,</subfield>
   <subfield code="c">c2015.</subfield>
  </datafield>
  <datafield tag="490" ind1=" " ind2=" ">
   <subfield code="a">Ακαδημαϊκά Ηλεκτρονικά Συγγράμματα και Βοηθήματα Κάλλιπος</subfield>
   <subfield code="8">40</subfield>
  </datafield>
  <datafield tag="505" ind1=" " ind2=" ">
   <subfield code="a">1. Ανάλυση Διανυσματικών δεδομένων σε περιβάλλον GIS 2. Ανάλυση Ψηφιδωτών Δεδομένων σε περιβάλλον GIS 3. Χωρική Πολυκριτηριακή Ανάλυση - Σταθμισμένη Χαρτογραφική Υπέρθεση 4. Μεθοδολογία Αναλυτικής Ιεράρχησης 5. Ψηφιακά Μοντέλα Εδάφους</subfield>
  </datafield>
  <datafield tag="520" ind1=" " ind2=" ">
   <subfield code="a">Η θεματολογία του βιβλίου επιμερίζεται στα παρακάτω κεφάλαια:1.Εισαγωγή στα Εφαρμοσμένα GIS 2. Χαρτογραφική υπέρθεση (λειτουργίες σε δεδομένα Vector)3. Χαρτογραφική υπέρθεση (λειτουργίες σε δεδομένα Raste)4. Σταθμισμένη Χαρτογραφική υπέρθεση (εφαρμογές χωροθέτησης - ζωνοποίησης του χώρου)5. Η Μεθοδολογία της Αναλυτική Ιεράρχησης (Analytical Hierarch Process) στη γεωγραφική ανάλυση6. Ανάλυση δυναμικών φαινομένων (χρονοσειρές γεωγραφικών δεδομένων)7. Ψηφιακά μοντέλα εδάφους (κατασκευή, αξιοποίηση, παράγωγες πληροφορίες)8. Εξελιγμένη οπτικοποίηση χωρικών δεδομένων (δυναμικοί χάρτες, 3d χάρτες - διαγράμματα)9. Χωρικοί στατιστικοί δείκτες (χωρικός μέσος, σταθμισμένος χωρικός μέσος, χωρική τυπική απόσταση, δείκτες χωρικής αυτοσυσχέτισης)10. Χωρική παρεμβολή (μεθοδολογίες, εφαρμογές)11. Εφαρμογές Παλινδρόμησης - Γεωγραφικά σταθμισμένης παλινδρόμησης12. Παράρτημα - Συνοπτικό εγχειρίδιο χρήσης λογισμικού GIS</subfield>
  </datafield>
  <datafield tag="650" ind1=" " ind2="0">
   <subfield code="a">Information storage and retrieval systems </subfield>
   <subfield code="v">Geography</subfield>
   <subfield code="8">1182</subfield>
  </datafield>
  <datafield tag="653" ind1=" " ind2=" ">
   <subfield code="a">Γεωπληροφορική</subfield>
  </datafield>
  <datafield tag="653" ind1=" " ind2=" ">
   <subfield code="a">Εφαρμογές ΣΓΠ</subfield>
  </datafield>
  <datafield tag="653" ind1=" " ind2=" ">
   <subfield code="a">Συστήματα γεωγραφικών πληροφοριών</subfield>
  </datafield>
  <datafield tag="653" ind1=" " ind2=" ">
   <subfield code="a">Χωρική ανάλυση</subfield>
  </datafield>
  <datafield tag="653" ind1=" " ind2=" ">
   <subfield code="a">Εφαρμοσμένη γεωγραφία</subfield>
  </datafield>
  <datafield tag="653" ind1=" " ind2=" ">
   <subfield code="a">Επιστήμες της γης</subfield>
   <subfield code="a">Γεωγραφία</subfield>
  </datafield>
  <datafield tag="700" ind1="1" ind2=" ">
   <subfield code="a">Γκούσια, Μαρία</subfield>
   <subfield code="e">Συγγραφέας</subfield>
   <subfield code="8">1183</subfield>
  </datafield>
  <datafield tag="700" ind1="1" ind2=" ">
   <subfield code="a">Παππάς, Βασίλης</subfield>
   <subfield code="e">Κριτικός αναγνώστης</subfield>
   <subfield code="8">1184</subfield>
  </datafield>
  <datafield tag="856" ind1="4" ind2="0">
   <subfield code="u">http://hdl.handle.net/11419/4546</subfield>
   <subfield code="z">Πλήρες Κείμενο - Full text</subfield>
  </datafield>
  <datafield tag="907" ind1=" " ind2=" ">
   <subfield code="a">.b25681291</subfield>
   <subfield code="b">12-06-18</subfield>
   <subfield code="c">29-07-16</subfield>
  </datafield>
  <datafield tag="949" ind1=" " ind2=" ">
   <subfield code="0">0</subfield>
   <subfield code="1">0</subfield>
   <subfield code="2">ddc</subfield>
   <subfield code="4">0</subfield>
   <subfield code="6">912_000000000000000_ΧΑΛ</subfield>
   <subfield code="7">0</subfield>
   <subfield code="8">KALL</subfield>
   <subfield code="8">888</subfield>
   <subfield code="d">2016-04-13</subfield>
   <subfield code="r">2016-04-13</subfield>
   <subfield code="w">2016-04-13</subfield>
   <subfield code="z">912 ΧΑΛ</subfield>
   <subfield code="o">SEAB KALLIPOS</subfield>
  </datafield>
  <datafield tag="998" ind1=" " ind2=" ">
   <subfield code="a">80</subfield>
   <subfield code="a">01</subfield>
   <subfield code="a">02</subfield>
   <subfield code="a">03</subfield>
   <subfield code="a">04</subfield>
   <subfield code="a">05</subfield>
   <subfield code="a">06</subfield>
   <subfield code="a">07</subfield>
   <subfield code="a">08</subfield>
   <subfield code="a">09</subfield>
   <subfield code="a">10</subfield>
   <subfield code="a">11</subfield>
   <subfield code="a">12</subfield>
   <subfield code="a">13</subfield>
   <subfield code="a">14</subfield>
   <subfield code="a">15</subfield>
   <subfield code="a">16</subfield>
   <subfield code="a">17</subfield>
   <subfield code="a">18</subfield>
   <subfield code="a">19</subfield>
   <subfield code="a">20</subfield>
   <subfield code="a">21</subfield>
   <subfield code="a">22</subfield>
   <subfield code="a">23</subfield>
   <subfield code="a">24</subfield>
   <subfield code="a">25</subfield>
   <subfield code="a">26</subfield>
   <subfield code="b">25-05-17</subfield>
   <subfield code="c">m</subfield>
   <subfield code="d">z  </subfield>
   <subfield code="e">-</subfield>
   <subfield code="f">gre</subfield>
   <subfield code="g">gr </subfield>
   <subfield code="h">0</subfield>
  </datafield>
  <datafield tag="942" ind1=" " ind2=" ">
   <subfield code="2">ddc</subfield>
   <subfield code="c">KALLIPOS</subfield>
  </datafield>
 </record>
</collection>
